000 01138nam a22003497a 4500
003 CHAP
005 20220329133749.0
008 971013s1990 r 00010 d
010 _a10536
011 _a11508
035 _a10746
040 _cCHAP
082 _a631.7
_bS84
100 0 0 _aStewart, Bobby Alton
_eed
_9109756
245 _aIrrigation of agricultural crops
260 _aMadison, Wisconsin. :
_bAmerican Society of Agronomy,
_c1990
300 _a1218 p
490 _aAgronomy
_v; 30
590 _aBATCH-UPD
_b10
_c20130110
_lUCH01
_h1641
590 _aBATCH-UPD
_b10
_c20130410
_lUCH01
_h1032
590 _aBATCH-UPD
_b10
_c20130914
_lUCH01
_h1117
590 _aCONVERSION
_b10
_c20130109
_lUCH01
_h1307
650 1 4 _aCultivos
_xAgua requerida.
_930224
650 1 4 _aCultivos
_xIrrigación.
_930287
650 1 4 _aPlantas
_xAgua requerida.
_988790
650 1 4 _aRelación agua - suelo - planta.
_995825
650 1 4 _aRelación atmósfera-suelo-planta.
_995826
830 0 _aAgronomy
_v; 30
_92198
901 _aBK
942 _cLIBRO
949 _a631.7 S84
_bBC
_cLIBRO
_d33724000169579
_eLIBRO
_gI.172713
_h85266
_i10746
_si
_t254.51
999 _c10536
_d10536